000 00228nam a22000857a 4500
999 _c11681
_d11681
008 191129b ||||| |||| 00| 0 eng d
100 _aAwdry,W,Rev.
_97380
245 _aThomas and the School Trip
260 _aUSA
_bBeginner Books
_c1993